000 00618nmm a2200217Ia 4500
008 251105s9999||||xx |||||||||||||||||und||
020 _a9788498959024
041 _aspa
100 _aRodríguez-Gaona, Martín
245 0 _aLorcation
264 _a[Madrid, España] :
_bVisor Libros,
_c2015
300 _a120 páginas
490 _aVisor de Poesía
650 _aEnglish poetry
700 _aRodríguez-Gaona, Martín
700 1 _a Rodríguez-Gaona, Martín
700 1 _a Rodríguez-Gaona, Martín
700 1 _a Dedora, Brian
856 _uhttps://public.digitaliapublishing.com/a/41578
942 _cCF
999 _c70678
_d70678